000 00762nam a22002657a 4500
001 BR8108393
003 BR-BrBNA
005 20230928091152.0
007 ta
008 230509b bl.||||| |||| 00| 0 por d
040 _aBR-BrBNA
_bpor
_cBiblioteca Nacional de Agricultura
041 _a(Por)
072 _aF00
_b3575
_b3530
_b/G514
090 _ 3575 BR8108393
110 1 _aComissao Nacional de Sementes e Mudas, Brasilia, DF (Brasil)
_92184
245 1 _aReuniao regional de comissoes estaduais de sementes e mudas (CESM'a)[Brasil]
260 3 _aBrasilia, DF (Brasil):
_c1981.
300 _a24 p.
500 _a4 tables
650 _aPRODUCAO VEGETAL
650 _aSEMENTE
650 _aMUDA
909 _a202309
_bLucia
_c55
_dLucia Elande
942 _cBK
999 _c32607
_d32607